Skleněné teploměry. STN 25 8102 : Skleněné teploměry Laboratorní pro teploty -80 stupňů C až +400 stupňů C. Společná ustanovení. Účinnost: 1.4.1966

Gespeichert in:
Bibliographische Detailangaben
Format: Buch
Sprache:Tschechisch
Veröffentlicht: Praha : Úřad pro normalizaci a měření, [1965]
Schlagworte:
Tags: Tag hinzufügen
Keine Tags, Fügen Sie das erste Tag hinzu!

MARC

LEADER 00000nam a22000003a 4500
001 stu79487
005 20150408175422.0
008 030305s1965----cs------------------cze-d
040 |a STU  |b slo 
041 0 |a cze 
044 |a cs 
080 |a 536.51 
245 |a Skleněné teploměry. STN 25 8102 :  |b Skleněné teploměry Laboratorní pro teploty -80 stupňů C až +400 stupňů C. Společná ustanovení. Účinnost: 1.4.1966 
260 |a Praha :  |b Úřad pro normalizaci a měření,  |c [1965] 
300 |a 10 s 
650 7 |a teplomery sklené  |2 stusub 
996 |b 284M039370  |c M*N-771-1  |l MMKN  |s A  |a 24  |w stu79487_0001